000 00927cab a2200241 4500
001 ABS46694
008 090401t1992 xxu||||| |||| 00| 0 eng d
035 _a(Sirsi) u59233
041 _aeng
100 _aColeman, G.R.
245 _aDampness following the insertion of a remedial damp-proof course
260 _c1992
350 _a0
490 _aStructural Survey
_v11(1) Summer 1992, 3-9(4)
520 _aInvestigates the serious disputes which frequently arise when damp occurs after the insertion of a remedial chemical damp-proof course and the application of the associated plasterwork because the opinions about the cause of the damp are often based on a subjective assessment. (Based on Journal abstract)
650 _aCONDENSATION
650 _aDAMP-PROOF COURSES
650 _aDEFECTS
650 _aRISING DAMP
690 _aBUILT ENVIRONMENT-BUILDING PATHOLOGY
942 _n0
948 _c04/03/1997
999 _c36318
_d36318